| 000 | 00301nam a22001217a 4500 | ||
|---|---|---|---|
| 001 | 60253 | ||
| 003 | AR-BeUNQ | ||
| 005 | 20230309181619.0 | ||
| 245 | 0 | 1 |
_aEn un lugar incierto _bselección de textos _cLanteri, Silvia _hlibro |
| 250 | 0 | 1 | _a2 a reim. |
| 260 |
_aBuenos Aires: _bEdiciones Sm , _c2015. |
||
| 942 | _cLIB | ||
| 999 |
_c785 _d785 |
||